000
00217nam a22000977a 4500
999
_c
261693
_d
261692
020
_a
9780823444489
100
_a
Maxwell Eaton
245
_a
Bear Goes Sugaring
260
_a
New York
_b
Holiday House
_c
2019
942
_c
BK